| 000 | 00833nam a2200265 4500 | ||
|---|---|---|---|
| 001 | 46285 | ||
| 010 | _a9789727803736 | ||
| 021 | _b351334/12 | ||
| 090 | _a46285 | ||
| 100 | _a20130711d2012 m y0pory50030103ba | ||
| 101 | 1 | _apor | |
| 102 | _aPT | ||
| 200 | 1 |
_aMelo Antunes _euma biografia política _fMaria Inácia Rezola _gpref. António Lobo Antunes |
|
| 205 | _a1.ª ed. | ||
| 210 | 9 |
_aLisboa _cÂncora, _d2012 |
|
| 215 |
_a791 p., [32] p. il. _cil. _d24 cm |
||
| 225 | 2 | _aPessoas | |
| 600 |
_aAntunes, _bMelo |
||
| 675 |
_a929Antunes, Melo _vBN _zpor |
||
| 675 |
_a32Antunes, Melo _vBN _zpor |
||
| 700 | 1 |
_aRezola, _bMaria Inácia, _f1967- |
|
| 702 | 1 |
_aAntunes, _bAntónio Lobo, _f1942-2026 _4080 |
|
| 801 | 0 |
_aPT _bBN _gRPC |
|
| 856 | 4 | 1 | _uhttp://rnod.bnportugal.gov.pt/ImagesBN/winlibimg.aspx?skey=&doc=1844020&img=28986&save=true |
| 990 | _cLIVROS | ||